00358nam a22001097a 4500008004500000020001800045082001700063110003700080245006600117260005400183300001100237220519b 2019 ||||| |||| 00| 0 eng d a9789313169819 a001.076bARI aArihant Publications (India) Ltd aPathfinder CDS combined defence services entrance examination aNew DelhibArihant Publications (India) Ltdc2019 a1092p.